000 01257nam2a22002531 4500
001 RU\NLR\INFOCOMM6\1000360424
005 20260406063625.0
035 _a(NLR Aleph) 002276367
090 _a4000386
_c4000386
100 _a20031117d1933 |||y0rusy50 ca
101 0 _arus
102 _aRU
105 _ay |||||||||
200 1 _aВ тупике ли история материальной культуры?
_fМарр Н.Я.
210 _d1933
_aБ. м.
461 0 _1001RU\NLR\INFOCOMM6\1000360360
_12001#$aИзвестия Государственной академии истории материальной культуры имени Н.Я.Марра$vВып.67
_93999846
_aАкадемия истории материальной культуры (Ленинград)
_cМ.
_d1921-1936
_nСоцэкгиз
_tИзвестия Государственной академии истории материальной культуры имени Н.Я.Марра
_vВып.67
700 1 _4070
_8rus
_7ca
_aМарр
_bН.Я.
_f1865-1934
_gНиколай Яковлевич
_3RU\NLR\AUTH\7723108
_96162
801 1 _aRU
_bInfoComm
_c20031117
801 0 _aRU
_bNLR
_gPSBO
852 _aNLR
_j31-19/372
942 _cISSUE
980 _aNB
980 _aRUSPER